Champions et vice-champions de France de football (De 1980 à 1999) - Statistiques

Statistiques générales
  • Ce quiz a été pris 433 fois
  • Le résultat moyen est 38 sur 40
Statistiques - réponses
Année Champion et vice-champion % Correct
1987 Olympique de Marseille (49)
100%
1994 Olympique de Marseille (51)
100%
1990 Olympique de Marseille (53)
100%
1991 Olympique de Marseille (55)
100%
1992 Olympique de Marseille (58)
100%
1999 Olympique de Marseille (71)
100%
1989 Olympique de Marseille (73)
100%
1993* Olympique de Marseille (titre retiré)
100%
1993 Paris Saint-Germain (51)
99%
1986 Paris Saint-Germain (56)
99%
1994 Paris Saint-Germain (59)
99%
1997 Paris Saint-Germain (67)
99%
1996 Paris Saint-Germain (68)
99%
1989 Paris Saint-Germain (70)
99%
1986 FC Nantes (53)
98%
1981 FC Nantes (55)
98%
1985 FC Nantes (56)
98%
1980 FC Nantes (57)
98%
1983 FC Nantes (58)
98%
1995 FC Nantes (79)
98%
1988 Girondins de Bordeaux (46)
97%
1983 Girondins de Bordeaux (48)
97%
1990 Girondins de Bordeaux (51)
97%
1987 Girondins de Bordeaux (53)
97%
1984 Girondins de Bordeaux (54)
97%
1985 Girondins de Bordeaux (59)
97%
1999 Girondins de Bordeaux (72)
97%
1998 RC Lens (68)
95%
1995 Olympique lyonnais (69)
92%
1991 AS Monaco (51)
89%
1988 AS Monaco (52)
89%
1992 AS Monaco (52)
89%
1984 AS Monaco (54)
89%
1982 AS Monaco (55)
89%
1997 AS Monaco (79)
89%
1982 AS Saint-Etienne (54)
89%
1981 AS Saint-Etienne (57)
89%
1996 AJ Auxerre (72)
87%
1998 FC Metz (68)
71%
1980 FC Sochaux (54)
52%
Aucun quiz correspondant
Distribution des résultats
% des personnes avec chaque résultat
Percentile par nombre de réponses
Votre historique - résultats
Vous n’avez pas pris ce quiz